000 00846am a2200301a 44500
003 AR-BaBNM
005 20251128203925.0
008 125019s1972 #AR|||||||||||000 | esp||
040 _cAR-BaBNM
100 1 _aVillaverde, Aníbal
245 1 0 _aNueva política en la formación de maestros
260 _aBuenos Aires
_bHumanitas
_c1972
300 _bmapas, cuadros
_a108 p.
490 0 _aCuadernos de formación docente
_vv. 1
600 1 4 _aOngania, Juan Carlos
650 4 _aFORMACION DE DOCENTES
650 4 _aPLAN DE ESTUDIOS
650 4 _aPOLITICA EDUCATIVA
650 4 _aESCUELAS NORMALES
650 4 _aREFORMA DE LA EDUCACION
650 4 _aDOCUMENTOS DE EDUCACION
651 4 _aArgentina
653 _aLEGISLACION EDUCATIVA
653 _aEDUCACION SUPERIOR
653 _aNIVEL TERCIARIO
942 _cBK
998 _cEthel
999 _c5483
_d5483